Primary mathematics: teaching theory and practice. -- 2nd ed. (Record no. 77066)

MARC details
000 -LEADER
fixed length control field 01291nam a2200229 a 4500
008 - FIXED-LENGTH DATA ELEMENTS--GENERAL INFORMATION
fixed length control field 090105s2002 ||||||||||||||||| || u
020 ## - INTERNATIONAL STANDARD BOOK NUMBER
International Standard Book Number 1903300568
050 ## - LIBRARY OF CONGRESS CALL NUMBER
Classification number QA 135.5 Pri
100 ## - MAIN ENTRY--PERSONAL NAME
Personal name Mooney, Claire
245 10 - TITLE STATEMENT
Title Primary mathematics: teaching theory and practice. -- 2nd ed.
Statement of responsibility, etc. Claire Mooney...[and others]
250 ## - EDITION STATEMENT
Edition statement 2nd ed.
260 ## - PUBLICATION, DISTRIBUTION, ETC.
Place of publication, distribution, etc. Exeter
Name of publisher, distributor, etc. Learning Matters
Date of publication, distribution, etc. 2002
300 ## - PHYSICAL DESCRIPTION
Extent [v], 182p. ill.
350 ## -
-- 0.00
490 ## -
-- Achieving QTS
650 #0 - SUBJECT ADDED ENTRY--TOPICAL TERM
Topical term or geographic name entry element MATHEMATICS--HANDBOOKS, MANUALS, ETC
650 #0 - SUBJECT ADDED ENTRY--TOPICAL TERM
Topical term or geographic name entry element MATHEMATICS--STUDY AND TEACHING (ELEMENTARY)--GREAT BRITAIN
995 ## -
-- MAIN LIBRARY OPEN ACCESS
-- 0.00
-- 739477
-- CBU-MAIN LIBRARY (Kitwe)
-- 1
-- 0.00
-- QA 135.5 PRI
-- 2
-- AVAILABLE
-- Feb 12, 2009
-- 739477
-- Main Library Open Access Collection
995 ## -
-- ANNEX COLLECTION (Main Library)
-- 0.00
-- 739478
-- CBU-MAIN LIBRARY (Kitwe)
-- 1
-- 0.00
-- QA 135.5 PRI
-- 3
-- AVAILABLE
-- Feb 12, 2009
-- 739478
-- Annex Low-Usage Collection
995 ## -
-- ANNEX COLLECTION (Main Library)
-- 0.00
-- 739476
-- CBU-MAIN LIBRARY (Kitwe)
-- 1
-- 0.00
-- QA 135.5 PRI
-- 1
-- AVAILABLE
-- Feb 12, 2009
-- 739476
-- Annex Low-Usage Collection
995 ## -
-- ANNEX COLLECTION (Main Library)
-- 0.00
-- 739479
-- CBU-MAIN LIBRARY (Kitwe)
-- 1
-- 0.00
-- QA 135.5 PRI
-- 4
-- AVAILABLE
-- Feb 12, 2009
-- 739479
-- Annex Low-Usage Collection
999 ## -
-- 77066
-- 77066
Holdings
Withdrawn status Lost status Source of classification or shelving scheme Damaged status Not for loan Permanent Location Current Location Shelving location Date acquired Total Checkouts Full call number Barcode Date last seen Copy number Price effective from Koha item type
          CBU-MAIN LIBRARY, KITWE. CBU-MAIN LIBRARY, KITWE.   04/25/2023   QA 135.5 Pri 739477 04/25/2023 1 04/25/2023 MONOGRAPH
          CBU-MAIN LIBRARY, KITWE. CBU-MAIN LIBRARY, KITWE.   04/25/2023   QA 135.5 Pri 739478 04/25/2023 2 04/25/2023 MONOGRAPH
          CBU-MAIN LIBRARY, KITWE. CBU-MAIN LIBRARY, KITWE.   04/25/2023   QA 135.5 Pri 739476 04/25/2023 3 04/25/2023 MONOGRAPH
          CBU-MAIN LIBRARY, KITWE. CBU-MAIN LIBRARY, KITWE.   04/25/2023   QA 135.5 Pri 739479 04/25/2023 4 04/25/2023 MONOGRAPH